| 000 | 00841 a2200181 4500 | ||
|---|---|---|---|
| 003 | Nust | ||
| 005 | 20230203151241.0 | ||
| 040 | _cNust | ||
| 082 | _a954.91,BUR | ||
| 100 | _aBurki, Shahid Javed | ||
| 245 |
_aA Revisionist History of Pakistan / _cShahid Javed Burki, |
||
| 260 |
_aVanguard _bKarachi _c1998 |
||
| 300 |
_a104 p _billus _c18 cm |
||
| 505 | _aPrologue (Page-1), A Struggling democracy and reshaped economy (1947-1958) (Page-13), First Military period (1958-1968) (Page-31), The Break up Pakistan 1969-1971 (Page-45), A populist Interlude the Bhutto years 1971-1977 (Page-59), The Second long military rule The Zia period 1988-1997 (Page-73), Captivity democracy (1988-1997) (Page-86), The Moment of reckoning 1997 (Page-97). | ||
| 600 |
_aBurki, Shahid Javed _9108626 |
||
| 650 |
_aPakistan History _97198 |
||
| 942 |
_2ddc _cBK |
||
| 999 |
_c187500 _d187500 |
||